[Event "251th Championchallenge"]
[Site "playchess.com "]
[Date "2008.05.17"]
[Round "3.2"]
[White "Orzech, Dominik"]
[Black "Kokarev, Dmitry"]
[Result "0-1"]
[WhiteElo "2400"]
[BlackElo "2622"]
[PlyCount "152"]
[EventDate "2008.05.17"]
[EventType "k.o. (blitz)"]
[EventCountry "GER"]

1. d4 Nf6 2. Nf3 g6 3. c4 Bg7 4. Nc3 O-O 5. Bg5 c5 6. e3 cxd4 7. Nxd4 Nc6 8.
Be2 Nxd4 9. Qxd4 d6 10. O-O Qa5 11. Bh4 Be6 12. Qd2 Rfc8 13. b3 b5 14. Rfd1
bxc4 15. Bxf6 Bxf6 16. Ne4 Qxd2 17. Nxf6+ Kg7 18. Rxd2 Kxf6 19. bxc4 Bxc4 20.
Rb1 Bxe2 21. Rxe2 Rab8 22. Rbe1 Rc3 23. f4 Ra3 24. Kf2 Rb4 25. Rc1 Rba4 26.
Rcc2 h6 27. h3 g5 28. fxg5+ hxg5 29. Red2 Re4 30. Re2 d5 31. Rc6+ e6 32. Rc7
Kg6 33. Rb7 Rea4 34. Rbb2 f5 35. Rbc2 Kf6 36. Rb2 f4 37. exf4 Rxf4+ 38. Kg1 Kf5
39. Rb7 Re4 40. Rf7+ Ke5 41. Ref2 g4 42. hxg4 Rxg4 43. Re7 Re4 44. Rff7 a5 45.
Rf2 a4 46. Kh2 Ree3 47. Rg7 d4 48. Rg5+ Kd6 49. Rb2 Rac3 50. Rb6+ Rc6 51. Rb4
e5 52. Rxa4 Kd5 53. Ra8 Ke4 54. Re8 Rc5 55. a4 Kd3 56. Rg3 Rxg3 57. Kxg3 e4 58.
Kf4 e3 59. g4 e2 60. g5 Kd2 61. g6 e1=Q 62. Rxe1 Kxe1 63. Ke4 Rg5 64. Kxd4 Kd2
65. g7 Kc2 66. a5 Kb3 67. a6 Rxg7 68. Kc5 Ka4 69. Kb6 Rg6+ 70. Kb7 Kb5 71. a7
Rg7+ 72. Kb8 Kb6 73. a8=N+ Kc6 74. Nc7 Rxc7 75. Ka8 Rc8+ 76. Ka7 Rd8 0-1

[Event "251th Championchallenge"]
[Site "playchess.com "]
[Date "2008.05.17"]
[Round "4.1"]
[White "Amin, Bassem"]
[Black "Kokarev, Dmitry"]
[Result "0-1"]
[WhiteElo "2550"]
[BlackElo "2622"]
[PlyCount "108"]
[EventDate "2008.05.17"]
[EventType "k.o. (blitz)"]
[EventCountry "GER"]

1. e4 c5 2. Nf3 d6 3. d3 Nc6 4. g3 g6 5. Bg2 Bg7 6. O-O e5 7. c3 Nge7 8. a3 O-O
9. b4 a6 10. Nbd2 h6 11. Nb3 b6 12. Bb2 Be6 13. Rb1 c4 14. dxc4 Bxc4 15. Re1 b5
16. Nbd2 Be6 17. Rc1 a5 18. Qe2 Qb6 19. Bf1 Rfb8 20. a4 bxa4 21. b5 Nd8 22. Ba3
Nb7 23. Rb1 Rc8 24. c4 Nc5 25. Qe3 f5 26. Rbd1 Rc7 27. Nh4 f4 28. Qf3 Rf8 29.
g4 Bf6 30. Ng2 Nc8 31. h3 Bf7 32. Nb1 Ne6 33. Bb2 Rd8 34. Qa3 Nc5 35. Nc3 Qa7
36. Rd2 Nb6 37. Qa2 Nb3 38. Rd5 Nxd5 39. exd5 Nc5 40. Ne4 Nxe4 41. Rxe4 Rdc8
42. Nxf4 Bh4 43. Nd3 g5 44. c5 Rxc5 45. Nxc5 Qxc5 46. Ba3 Qxd5 47. Qe2 Qb3 48.
Re3 Qb1 49. Kh2 Rc2 50. Qd3 Rxf2+ 51. Bg2 Qa2 52. Qe4 d5 53. Qxe5 Rxg2+ 54. Kh1
Qf2 0-1

[Event "251th Championchallenge"]
[Site "playchess.com "]
[Date "2008.05.17"]
[Round "4.2"]
[White "Kokarev, Dmitry"]
[Black "Amin, Bassem"]
[Result "1-0"]
[WhiteElo "2622"]
[BlackElo "2550"]
[PlyCount "95"]
[EventDate "2008.05.17"]
[EventType "k.o. (blitz)"]
[EventCountry "GER"]

1. e4 e5 2. Nf3 Nc6 3. Bb5 a6 4. Ba4 Nf6 5. O-O Nxe4 6. d4 b5 7. Bb3 d5 8. dxe5
Be6 9. Nc3 Nxc3 10. bxc3 Be7 11. Nd4 Qd7 12. f4 O-O 13. Qf3 Nxd4 14. cxd4 f5
15. Be3 c6 16. a4 Rfc8 17. Rfd1 Qe8 18. h3 Bf7 19. Kh2 Bb4 20. Bf2 Kh8 21. Ra2
Bh5 22. g4 Bg6 23. Rda1 Be7 24. Be3 b4 25. Rg1 Qf7 26. Raa1 Rf8 27. Raf1 Qe6
28. Qe2 a5 29. Qg2 Bh4 30. Bf2 Bxf2 31. Qxf2 Rf7 32. Qe3 Raf8 33. Kg3 Kg8 34.
Rf2 h5 35. gxh5 Bxh5 36. Kh2 g6 37. Rfg2 Rh7 38. Rg3 Kh8 39. Kg2 Qc8 40. Rc1
Qa6 41. Kf2 Rh6 42. c4 bxc3 43. Rxc3 Rb8 44. e6 Rh7 45. Qe5+ Kg8 46. Qxb8+ Kg7
47. Qe5+ Kh6 48. e7 1-0

[Event "251th Championchallenge"]
[Site "playchess.com "]
[Date "2008.05.17"]
[Round "4.2"]
[White "Postny, Evgeny"]
[Black "Andreikin, Dmitry"]
[Result "0-1"]
[WhiteElo "2650"]
[BlackElo "2603"]
[PlyCount "128"]
[EventDate "2008.05.17"]
[EventType "k.o. (blitz)"]
[EventCountry "GER"]

1. e4 e5 2. Nf3 Nc6 3. Bb5 Nf6 4. d3 Bd6 5. Nbd2 a6 6. Bxc6 dxc6 7. h3 Be6 8.
O-O h6 9. b3 Nd7 10. Bb2 c5 11. Nc4 Bxc4 12. dxc4 Qe7 13. Qe2 O-O-O 14. Rad1 g5
15. Nd2 Nf8 16. Rfe1 Ne6 17. Nf1 Nd4 18. Qd3 h5 19. c3 Ne6 20. g3 g4 21. h4 Qf6
22. Ne3 Qf3 23. Nf5 Qxd3 24. Rxd3 Bf8 25. Rxd8+ Kxd8 26. f3 Rg8 27. Kf2 f6 28.
Bc1 Ke8 29. Be3 b6 30. Rd1 Be7 31. Nh6 Rg6 32. fxg4 Bf8 33. gxh5 Rxh6 34. Bxh6
Bxh6 35. Kf3 Ng7 36. Kg4 Ke7 37. a3 a5 38. b4 a4 39. bxc5 bxc5 40. Rd5 Be3 41.
h6 Bxh6 42. Rxc5 Ne6 43. Ra5 Bc1 44. Rxa4 Nc5 45. Ra7 Nxe4 46. Rxc7+ Kd6 47.
Ra7 Nxc3 48. h5 e4 49. Ra6+ Ke5 50. Ra8 f5+ 51. Kh4 Kf6 52. Kh3 e3 53. Kg2 Kf7
54. Ra7+ Kf6 55. Ra6+ Kf7 56. Kf1 Bd2 57. Ra7+ Kf6 58. Ra6+ Ke5 59. Ra8 e2+ 60.
Kg2 Ne4 61. Re8+ Kf6 62. h6 e1=Q 63. h7 Qxg3+ 64. Kh1 Nf2# 0-1

[Event "251th Championchallenge"]
[Site "playchess.com "]
[Date "2008.05.17"]
[Round "4.3"]
[White "Andreikin, Dmitry"]
[Black "Postny, Evgeny"]
[Result "1/2-1/2"]
[WhiteElo "2603"]
[BlackElo "2650"]
[PlyCount "101"]
[EventDate "2008.05.17"]
[EventType "k.o. (blitz)"]
[EventCountry "GER"]

1. d4 Nf6 2. c4 e6 3. Nc3 Bb4 4. Qc2 O-O 5. a3 Bxc3+ 6. Qxc3 d6 7. Bg5 Nbd7 8.
e3 Qe7 9. Ne2 e5 10. Ng3 h6 11. Bxf6 Nxf6 12. Bd3 Bd7 13. O-O Rad8 14. Rae1
Rfe8 15. f4 e4 16. Bc2 c5 17. Rd1 h5 18. Rd2 h4 19. Nh1 h3 20. g3 Ng4 21. Rfd1
Bf5 22. dxc5 dxc5 23. Nf2 Nxf2 24. Kxf2 Rxd2+ 25. Rxd2 f6 26. Rd5 Be6 27. Rd1
Bg4 28. Rd5 Be6 29. Bxe4 Bxd5 30. Bxd5+ Kf8 31. e4 Qd7 32. Qf3 Qa4 33. Qd3 b6
34. e5 Qd7 35. Qh7 fxe5 36. f5 Qd6 37. Qh8+ Ke7 38. Qxg7+ Kd8 39. Qxa7 Rf8 40.
g4 e4 41. Ke3 Qxh2 42. Qxb6+ Qc7 43. Qh6 Qg3+ 44. Kd2 Qg2+ 45. Kc3 Qf3+ 46. Kc2
Qd3+ 47. Kc1 Qf1+ 48. Kc2 Qd3+ 49. Kc1 Qf1+ 50. Kd2 Qd3+ 51. Kc1 1/2-1/2

[Event "251th Championchallenge"]
[Site "playchess.com "]
[Date "2008.05.17"]
[Round "4.4"]
[White "Postny, Evgeny"]
[Black "Andreikin, Dmitry"]
[Result "0-1"]
[WhiteElo "2650"]
[BlackElo "2603"]
[PlyCount "166"]
[EventDate "2008.05.17"]
[EventType "k.o. (blitz)"]
[EventCountry "GER"]

1. c4 c5 2. Nf3 Nc6 3. g3 g6 4. Bg2 Bg7 5. O-O Nh6 6. Nc3 O-O 7. d3 Nf5 8. a3
Rb8 9. Rb1 a6 10. Bd2 b5 11. cxb5 axb5 12. b4 cxb4 13. axb4 d5 14. e3 d4 15.
exd4 Nfxd4 16. Nxd4 Nxd4 17. Ne4 Bb7 18. Bf4 Rc8 19. Re1 Bd5 20. Rc1 Rxc1 21.
Qxc1 Qa8 22. Qc5 e6 23. Bg5 f5 24. Nf6+ Rxf6 25. Qxd4 Rf7 26. Bxd5 Qxd5 27.
Qxd5 exd5 28. Re8+ Rf8 29. Re7 Rf7 30. Re8+ Rf8 31. Re6 Rb8 32. Bf4 Rb7 33. Kg2
Bf8 34. Bd2 Kf7 35. Rc6 Ke7 36. h4 Kd7 37. Ra6 Bd6 38. Kf3 Rc7 39. Rxd6+ Kxd6
40. Bf4+ Kd7 41. Bxc7 Kxc7 42. Kf4 Kd6 43. Kg5 Ke5 44. Kh6 Kd4 45. Kxh7 Kxd3
46. Kxg6 d4 47. h5 Kc4 48. h6 d3 49. h7 d2 50. h8=Q d1=Q 51. Qh4+ Kb3 52. Kxf5
Qc2+ 53. Qe4 Qxf2+ 54. Kg4 Qd2 55. Kh3 Qc3 56. Qb1+ Kc4 57. Qe4+ Kb3 58. Qb1+
Ka3 59. Qf1 Kxb4 60. Qf4+ Ka3 61. Qd6+ b4 62. Kh4 Ka2 63. Qa6+ Kb2 64. Qe2+ Qc2
65. Qe5+ Ka2 66. Qa5+ Kb3 67. g4 Qh2+ 68. Kg5 Qd2+ 69. Kh5 Qh2+ 70. Kg5 Qd6 71.
Qf5 Kb2 72. Qf2+ Ka3 73. Qf3+ b3 74. Kh5 Ka2 75. g5 b2 76. Qf7+ Ka1 77. Qa7+
Kb1 78. Qg1+ Ka2 79. Qa7+ Qa3 80. Qg1 b1=Q 81. Qf2+ Qab2 82. Qf7+ Qb3 83. Qf2+
Q1c2 0-1

[Event "251th Championchallenge"]
[Site "playchess.com "]
[Date "2008.05.17"]
[Round "5.1"]
[White "Andreikin, Dmitry"]
[Black "Kokarev, Dmitry"]
[Result "1-0"]
[WhiteElo "2603"]
[BlackElo "2622"]
[PlyCount "75"]
[EventDate "2008.05.17"]
[EventType "k.o. (blitz)"]
[EventCountry "GER"]

1. d4 Nf6 2. c4 g6 3. Nc3 Bg7 4. e4 O-O 5. f4 c5 6. d5 e6 7. Nf3 exd5 8. cxd5
Nxe4 9. Nxe4 Re8 10. Ne5 d6 11. Bb5 Nd7 12. Nxd6 Nxe5 13. Nxe8 Qa5+ 14. Bd2
Qxb5 15. fxe5 Bxe5 16. Qe2 Qxe8 17. Bc3 Bxc3+ 18. bxc3 Bf5 19. Qxe8+ Rxe8+ 20.
Kf2 Bd3 21. Rhe1 Rd8 22. Re7 b5 23. Rxa7 Rxd5 24. a4 bxa4 25. R1xa4 c4 26. R4a5
Rd6 27. Re5 Rf6+ 28. Ke3 Kg7 29. g4 h6 30. h4 Rf1 31. g5 hxg5 32. hxg5 Re1+ 33.
Kd4 Rg1 34. Ree7 Rf1 35. Kd5 Kf8 36. Kd6 Bc2 37. Ra8+ Kg7 38. Ree8 1-0

[Event "251th Championchallenge"]
[Site "playchess.com "]
[Date "2008.05.17"]
[Round "5.2"]
[White "Kokarev, Dmitry"]
[Black "Andreikin, Dmitry"]
[Result "0-1"]
[WhiteElo "2622"]
[BlackElo "2603"]
[PlyCount "58"]
[EventDate "2008.05.17"]
[EventType "k.o. (blitz)"]
[EventCountry "GER"]

1. e4 e5 2. Nf3 Nc6 3. Bb5 Nf6 4. O-O Nxe4 5. d4 Nd6 6. Bxc6 dxc6 7. dxe5 Nf5
8. Qxd8+ Kxd8 9. Nc3 Ke8 10. h3 Ne7 11. Re1 Ng6 12. Ne4 h6 13. Nd4 a6 14. f4 c5
15. Nb3 b6 16. Kf2 h5 17. Bd2 h4 18. Kf3 Be7 19. Rad1 Be6 20. Bc1 a5 21. a3 Rh5
22. Nc3 Rf5 23. Nd5 Rc8 24. Nxe7 Kxe7 25. Ke4 a4 26. Na1 f6 27. exf6+ Kxf6 28.
Bd2 Bd5+ 29. Ke3 Nxf4 0-1

[Event "Gashimov-Lahno match"]
[Site "playchess.com"]
[Date "2008.09.11"]
[Round "?"]
[White "Lahno, Kateryna"]
[Black "Gashimov, Vugar"]
[Result "1-0"]
[WhiteElo "2507"]
[BlackElo "2717"]
[PlyCount "99"]
[EventDate "2008.09.11"]
[EventType "blitz"]
[EventRounds "8"]
[EventCountry "GER"]

1. e4 c5 2. Nf3 d6 3. d4 cxd4 4. Nxd4 Nf6 5. Nc3 g6 6. Be3 Bg7 7. f3 O-O 8. Qd2
Nc6 9. O-O-O d5 10. exd5 Nxd5 11. Nxc6 bxc6 12. Bd4 e5 13. Bc5 Be6 14. Ne4 Qc7
15. Bxf8 Rxf8 16. Bc4 Rb8 17. g4 a5 18. Qf2 h6 19. h4 Bf8 20. g5 h5 21. Nf6+
Kh8 22. Nxd5 Qb7 23. Qb6 Qc8 24. Qc7 Qxc7 25. Nxc7 Bxc4 26. Rd7 Bxa2 27. Re1 a4
28. Re4 a3 29. b3 Kg8 30. Ra4 Bc5 31. Rd3 Rc8 32. Ra8 Rxa8 33. Nxa8 Bd4 34. c3
Bf2 35. Kc2 Bxh4 36. Rd1 Bxg5 37. Ra1 Bxb3+ 38. Kxb3 h4 39. Nb6 h3 40. Kc4 h2
41. Kd3 a2 42. Ke2 Bf4 43. Kf2 f5 44. Kg2 e4 45. fxe4 fxe4 46. Rxa2 Kf7 47. Re2
e3 48. Nc4 g5 49. Nxe3 Kf6 50. Ng4+ 1-0

[Event "Gashimov-Lahno match"]
[Site "playchess.com"]
[Date "2008.09.11"]
[Round "?"]
[White "Gashimov, Vugar"]
[Black "Lahno, Kateryna"]
[Result "1-0"]
[WhiteElo "2717"]
[BlackElo "2507"]
[PlyCount "47"]
[EventDate "2008.09.11"]
[EventType "blitz"]
[EventRounds "8"]
[EventCountry "GER"]

1. e4 c5 2. Nf3 e6 3. d4 cxd4 4. Nxd4 Nc6 5. Nc3 d6 6. g4 Nge7 7. Nb3 Ng6 8. g5
h6 9. gxh6 gxh6 10. Be3 h5 11. Qd2 Nge5 12. Be2 Ng4 13. Bxg4 hxg4 14. O-O-O Bd7
15. Nb5 Rc8 16. Nxd6+ Bxd6 17. Qxd6 Qe7 18. Nc5 Qxd6 19. Rxd6 Ne5 20. Rhd1 Bc6
21. Bd4 Nc4 22. Bxh8 Nxd6 23. Rxd6 Ke7 24. Be5 1-0

[Event "Gashimov-Lahno match"]
[Site "playchess.com"]
[Date "2008.09.11"]
[Round "?"]
[White "Lahno, Kateryna"]
[Black "Gashimov, Vugar"]
[Result "1/2-1/2"]
[WhiteElo "2507"]
[BlackElo "2717"]
[PlyCount "100"]
[EventDate "2008.09.11"]
[EventType "blitz"]
[EventRounds "8"]
[EventCountry "GER"]

1. e4 c5 2. Nf3 d6 3. d4 cxd4 4. Nxd4 Nf6 5. Nc3 g6 6. Be3 Bg7 7. f3 O-O 8. Qd2
Nc6 9. O-O-O d5 10. exd5 Nxd5 11. Nxc6 bxc6 12. Bd4 e5 13. Bc5 Be6 14. Ne4 Re8
15. g4 Rb8 16. h4 h6 17. Bc4 Qc7 18. g5 h5 19. Qe1 Red8 20. Rh2 Kh8 21. Rhd2
Kh7 22. Ba3 a5 23. Nc5 Bf5 24. Na6 Qb6 25. Nxb8 Rxb8 26. Qg1 Ne3 27. Bxf7 e4
28. c4 Nxd1 29. Qxb6 Rxb6 30. Kxd1 exf3 31. Ke1 Rb8 32. Kf2 Bf8 33. c5 Bg4 34.
Bb3 Bg7 35. Ba4 Rc8 36. Bd1 Rf8 37. Rd3 Rf4 38. Bxf3 Bxf3 39. Rxf3 Rxh4 40. Rf7
Kg8 41. Rc7 Bxb2 42. Bxb2 Rh2+ 43. Kf3 Rxb2 44. Rxc6 Kf7 45. Ke4 Rxa2 46. Kd5
Rd2+ 47. Ke5 Re2+ 48. Kd5 Rd2+ 49. Ke5 Re2+ 50. Kd5 Rd2+ 1/2-1/2

[Event "Gashimov-Lahno match"]
[Site "playchess.com"]
[Date "2008.09.11"]
[Round "?"]
[White "Gashimov, Vugar"]
[Black "Lahno, Kateryna"]
[Result "1-0"]
[WhiteElo "2717"]
[BlackElo "2507"]
[PlyCount "107"]
[EventDate "2008.09.11"]
[EventType "blitz"]
[EventRounds "8"]
[EventCountry "GER"]

1. e4 e5 2. Nf3 Nc6 3. Bb5 a6 4. Ba4 Nf6 5. O-O b5 6. Bb3 Bc5 7. c3 d6 8. d4
Bb6 9. a4 Rb8 10. axb5 axb5 11. Bg5 O-O 12. Qd3 h6 13. Bxf6 Qxf6 14. Qxb5 Na7
15. Qd3 Nc6 16. Ba4 Ra8 17. Nbd2 Ne7 18. Bb3 Bg4 19. h3 Bh5 20. Rxa8 Rxa8 21.
Bd1 Nc6 22. Nxe5 dxe5 23. Bxh5 exd4 24. Nc4 Ne5 25. Nxe5 Qxe5 26. Bd1 Ra2 27.
Qb1 Ra5 28. b4 Ra3 29. c4 c5 30. bxc5 Bxc5 31. Be2 Rc3 32. Bd3 Qf4 33. Qd1 g6
34. Qe2 h5 35. g3 Qb8 36. h4 Qb3 37. Rd1 Bd6 38. Kg2 Kg7 39. e5 Be7 40. e6 f6
41. Rd2 Qb7+ 42. Be4 Qb3 43. Rxd4 Qb4 44. Rd7 Kh6 45. Qd2+ g5 46. hxg5+ fxg5
47. Rxe7 Rxg3+ 48. Kxg3 h4+ 49. Kg4 Qxe7 50. Qd5 h3 51. Qf5 Qg7 52. Kxh3 g4+
53. Kg2 g3 54. Qg6+ 1-0

[Event "Gashimov-Lahno match"]
[Site "playchess.com"]
[Date "2008.09.11"]
[Round "?"]
[White "Gashimov, Vugar"]
[Black "Lahno, Kateryna"]
[Result "1-0"]
[WhiteElo "2717"]
[BlackElo "2507"]
[PlyCount "69"]
[EventDate "2008.09.11"]
[EventType "blitz"]
[EventRounds "8"]
[EventCountry "GER"]

1. e4 e5 2. Nf3 Nc6 3. Bb5 a6 4. Ba4 Nf6 5. d4 exd4 6. O-O Be7 7. e5 Ne4 8.
Nxd4 Nc5 9. Bxc6 dxc6 10. Nc3 O-O 11. Be3 f6 12. exf6 Bxf6 13. Nxc6 Qxd1 14.
Raxd1 Nd7 15. Nd4 Ne5 16. Nd5 Nc4 17. Nxf6+ Rxf6 18. Bc1 Bg4 19. f3 Bh5 20. b3
Nb6 21. Bb2 Rd6 22. Nf5 Rxd1 23. Rxd1 Bg6 24. Ne7+ Kf7 25. Nxg6 Kxg6 26. a4 a5
27. Rd4 Kf7 28. Rf4+ Kg8 29. Rg4 g6 30. Kf2 Rd8 31. Rd4 Re8 32. h4 Kf7 33. Bc3
Ra8 34. g4 Nc8 35. Rd7+ 1-0

[Event "Gashimov-Lahno match"]
[Site "playchess.com"]
[Date "2008.09.11"]
[Round "?"]
[White "Lahno, Kateryna"]
[Black "Gashimov, Vugar"]
[Result "0-1"]
[WhiteElo "2507"]
[BlackElo "2717"]
[PlyCount "108"]
[EventDate "2008.09.11"]
[EventType "blitz"]
[EventRounds "8"]
[EventCountry "GER"]

1. e4 d5 2. exd5 Qxd5 3. Nf3 e5 4. Nc3 Qa5 5. Bc4 Nc6 6. Ng5 Nh6 7. O-O Be7 8.
Qh5 Bxg5 9. Qxg5 O-O 10. Ne4 Kh8 11. d3 Nf5 12. Qh5 f6 13. g4 Nfd4 14. g5 Bf5
15. gxf6 gxf6 16. Kh1 Bg6 17. Qh4 Nf5 18. Qh3 Rad8 19. Rg1 Nce7 20. Bd2 Qa4 21.
Rxg6 Nxg6 22. Qxf5 Qxc2 23. Rg1 Rxd3 24. Bxd3 Qxd3 25. Bh6 Rf7 26. Qc8+ Rf8 27.
Qg4 f5 28. Qg2 Re8 29. Nf6 Re6 30. Nh5 f4 31. Qg4 Rd6 32. Bg7+ Kg8 33. Bxe5
Qd5+ 34. f3 Qxe5 35. Qc8+ Kf7 36. Qxc7+ Qe7 37. Qc4+ Qe6 38. Qc7+ Rd7 39. Qc8
Qd5 40. Qc3 Qxh5 41. Qc4+ Qd5 42. Qc3 Ne5 43. Rf1 Ke6 44. Qe1 Qd3 45. Qf2 Qe3
46. Qh4 Qe2 47. Qh3+ Kd6 48. Qh6+ Kc7 49. Rc1+ Nc6 50. Qxf4+ Kb6 51. Qg3 Rd2
52. Qg1+ Ka6 53. Rf1 Rxb2 54. f4 Qe4+ 0-1

[Event "Gashimov-Lahno match"]
[Site "playchess.com"]
[Date "2008.09.11"]
[Round "?"]
[White "Gashimov, Vugar"]
[Black "Lahno, Kateryna"]
[Result "1-0"]
[WhiteElo "2717"]
[BlackElo "2507"]
[PlyCount "37"]
[EventDate "2008.09.11"]
[EventType "blitz"]
[EventRounds "8"]
[EventCountry "GER"]

1. e4 e5 2. Nf3 Nc6 3. Bb5 a6 4. Ba4 Nf6 5. d4 exd4 6. O-O Be7 7. e5 Ne4 8.
Nxd4 Nc5 9. Bxc6 dxc6 10. Nc3 O-O 11. Be3 Be6 12. b4 Nd7 13. Nxe6 fxe6 14. Qg4
Nxe5 15. Qxe6+ Nf7 16. Rad1 Qe8 17. Qb3 Kh8 18. Na4 Ne5 19. Bd4 1-0

[Event "Gashimov-Jobava m"]
[Site "Playchess"]
[Date "2009.03.29"]
[Round "?"]
[White "Jobava, Baadur"]
[Black "Gashimov, Vugar"]
[Result "1-0"]
[WhiteElo "2669"]
[BlackElo "2723"]
[PlyCount "131"]
[EventDate "2009.03.29"]
[EventType "match (blitz)"]
[EventCountry "GER"]

1. c4 c6 2. e4 e5 3. Nc3 d6 4. Nf3 Nf6 5. d4 Nbd7 6. g3 Be7 7. Bg2 O-O 8. O-O
Qc7 9. h3 Re8 10. Be3 Bf8 11. Rc1 a5 12. Re1 h6 13. Kh2 a4 14. Qc2 exd4 15.
Bxd4 Ne5 16. c5 Nfd7 17. cxd6 Qxd6 18. Rcd1 Qe6 19. Nxe5 Nxe5 20. f4 Nc4 21.
Nxa4 b5 22. Nc3 Qe7 23. a3 Bb7 24. e5 c5 25. Bxc5 Qxc5 26. Bxb7 Rad8 27. Qe2
Nxa3 28. Ne4 Qb6 29. Bd5 Nc4 30. b3 Na3 31. Rd3 Rd7 32. Red1 Kh8 33. h4 b4 34.
Qg4 Red8 35. Kh3 Nb5 36. Nf6 gxf6 37. Bxf7 Rxf7 38. Rxd8 fxe5 39. R1d7 Qf6 40.
Rxf7 Qxf7 41. Qc8 Kg8 42. Qg4+ Kh8 43. Qc8 Kg8 44. fxe5 Qf1+ 45. Kh2 Qf2+ 46.
Kh3 Qf1+ 47. Kg4 Qe2+ 48. Kf5 Qf3+ 49. Ke6 Qxb3+ 50. Kf6 Qf3+ 51. Qf5 Qxf5+ 52.
Kxf5 Kg7 53. Rd7+ Kg8 54. Rb7 Nd4+ 55. Kf6 b3 56. e6 Nc6 57. Rxb3 Bg7+ 58. Kg6
Ne7+ 59. Kh5 Kh7 60. Rb7 Ng8 61. Kg4 Kg6 62. Kf4 h5 63. e7 Nf6 64. Ke5 Kf7 65.
e8=Q+ Kxe8 66. Rxg7 1-0

[Event "Gashimov-Jobava m"]
[Site "Playchess"]
[Date "2009.03.29"]
[Round "?"]
[White "Gashimov, Vugar"]
[Black "Jobava, Baadur"]
[Result "0-1"]
[WhiteElo "2723"]
[BlackElo "2669"]
[PlyCount "64"]
[EventDate "2009.03.29"]
[EventType "match (blitz)"]
[EventCountry "GER"]

1. e4 c6 2. d4 d5 3. Nd2 dxe4 4. Nxe4 Bf5 5. Ng3 Bg6 6. h4 h6 7. Nf3 Nd7 8. h5
Bh7 9. Bd3 Bxd3 10. Qxd3 e6 11. Bd2 Ngf6 12. O-O-O Be7 13. Qe2 O-O 14. Nf1 Re8
15. g4 Nh7 16. Kb1 Qb6 17. Ne3 Ng5 18. Nxg5 Bxg5 19. Nc4 Qb5 20. Bxg5 Qxg5 21.
Nd6 Red8 22. Nxb7 Rdb8 23. Nd6 Nf6 24. Ne4 Nxe4 25. Qxe4 Qb5 26. b3 a5 27. a3
c5 28. dxc5 Qxc5 29. Kb2 Rc8 30. Rh3 Ra7 31. Rd2 Rac7 32. Rhd3 Qxc2+ 0-1

[Event "Gashimov-Jobava m"]
[Site "Playchess"]
[Date "2009.03.29"]
[Round "?"]
[White "Jobava, Baadur"]
[Black "Gashimov, Vugar"]
[Result "1-0"]
[WhiteElo "2669"]
[BlackElo "2723"]
[PlyCount "57"]
[EventDate "2009.03.29"]
[EventType "match (blitz)"]
[EventCountry "GER"]

1. c4 e5 2. Nc3 g6 3. g3 Bg7 4. Bg2 d6 5. Nf3 Nf6 6. O-O O-O 7. d4 exd4 8. Nxd4
Nbd7 9. e4 Re8 10. h3 Ne5 11. b3 Bd7 12. a4 a6 13. a5 Nc6 14. Be3 h6 15. Kh2
Kh7 16. f4 Nh5 17. g4 Nf6 18. Qd2 Kg8 19. Kg1 Re7 20. Nc2 Qf8 21. Nd5 Nxe4 22.
Nxe7+ Qxe7 23. Bxe4 Bxa1 24. Bxc6 Bxc6 25. Rxa1 Qe4 26. Kh2 Re8 27. Re1 g5 28.
fxg5 Qf3 29. Nd4 1-0

[Event "Gashimov-Jobava m"]
[Site "Playchess"]
[Date "2009.03.29"]
[Round "?"]
[White "Gashimov, Vugar"]
[Black "Jobava, Baadur"]
[Result "0-1"]
[WhiteElo "2723"]
[BlackElo "2667"]
[PlyCount "112"]
[EventDate "2009.03.29"]
[EventType "match (blitz)"]
[EventCountry "GER"]

1. e4 c6 2. d4 d5 3. Nd2 dxe4 4. Nxe4 Bf5 5. Ng3 Bg6 6. h4 h6 7. Nf3 Nd7 8. h5
Bh7 9. Bd3 Bxd3 10. Qxd3 e6 11. Bd2 Ngf6 12. O-O-O Be7 13. Qe2 Qb6 14. Ne5 Rd8
15. Rhe1 O-O 16. Ng6 Ba3 17. bxa3 fxg6 18. Qxe6+ Kh8 19. hxg6 Qxd4 20. Kb1 Qxf2
21. Bxh6 Qxg3 22. Bf4 Qxf4 23. Rh1+ Qh6 24. Rxh6+ gxh6 25. Qe7 Kg8 26. Qb4 Kg7
27. Re1 Rde8 28. Rd1 Re5 29. Kc1 Rb5 30. Qe7+ Kxg6 31. Rd6 Rf7 32. Qd8 Rd5 33.
Qg8+ Rg7 34. Qe6 Rxd6 35. Qxd6 Kh7 36. Qd3+ Kh8 37. g3 Nd5 38. Qd4 a6 39. Qh4
Kh7 40. Qe4+ Rg6 41. Qf5 N7f6 42. Qe5 Rg5 43. Qd6 Rg4 44. Qb8 Rg7 45. Qe5 Re7
46. Qf5+ Kg7 47. Kb2 Ne3 48. Qf4 Ned5 49. Qf5 b5 50. Qc8 Rc7 51. Qxa6 Ne4 52.
a4 Nc5 53. Qa5 Nxa4+ 54. Kc1 Nac3 55. a3 Re7 56. Qa7 Rxa7 0-1

[Event "Gashimov-Jobava m"]
[Site "Playchess"]
[Date "2009.03.29"]
[Round "?"]
[White "Jobava, Baadur"]
[Black "Gashimov, Vugar"]
[Result "0-1"]
[WhiteElo "2669"]
[BlackElo "2723"]
[PlyCount "58"]
[EventDate "2009.03.29"]
[EventType "match (blitz)"]
[EventCountry "GER"]

1. d4 Nf6 2. c4 e6 3. Nc3 c5 4. d5 exd5 5. cxd5 Bd6 6. g3 O-O 7. Bg2 Be5 8. Bd2
Bc7 9. Nf3 d6 10. O-O a6 11. a4 Nbd7 12. e4 Re8 13. Qc2 Rb8 14. Rab1 b5 15.
axb5 axb5 16. b4 Ba6 17. Ne1 cxb4 18. Rxb4 Ba5 19. Nd3 Nc5 20. Rfb1 Nxd3 21.
Qxd3 Bxb4 22. Rxb4 Nd7 23. h4 Ne5 24. Qe2 Qa5 25. Nd1 Qa2 26. Nc3 Qa3 27. Nb1
Qa2 28. Nc3 Qc2 29. Bf1 Qxd2 0-1

[Event "Morchiashvili- Jakovenko m"]
[Site "Playchess"]
[Date "2009.04.27"]
[Round "?"]
[White "Morchiashvili, Bachana"]
[Black "Jakovenko, Dmitrij"]
[Result "1/2-1/2"]
[WhiteElo "2412"]
[BlackElo "2760"]
[PlyCount "78"]
[EventDate "2009.04.27"]
[EventType "match (blitz)"]
[EventCountry "GER"]

1. e4 c6 2. d4 d5 3. Nd2 dxe4 4. Nxe4 Bf5 5. Ng3 Bg6 6. h4 h6 7. Nf3 Nd7 8. h5
Bh7 9. Bd3 Bxd3 10. Qxd3 e6 11. Bf4 Qa5+ 12. Bd2 Bb4 13. c3 Be7 14. c4 Qc7 15.
d5 cxd5 16. cxd5 Qd6 17. Qb3 Ngf6 18. dxe6 Qxe6+ 19. Qxe6 fxe6 20. Nh4 Bd6 21.
Ng6 Rg8 22. Ne2 Kf7 23. Rd1 Nd5 24. Ngf4 N7f6 25. Nxd5 Nxd5 26. O-O Rac8 27.
Nc3 Be5 28. Rfe1 Bf6 29. Ne4 Rgd8 30. Bc3 Nxc3 31. bxc3 Rxd1 32. Rxd1 Ke7 33.
Kf1 b5 34. Rb1 a6 35. a4 Rc4 36. Nxf6 Kxf6 37. axb5 axb5 38. Rxb5 Rxc3 39. g3
Rc4 1/2-1/2

[Event "Morchiashvili- Jakovenko m"]
[Site "Playchess"]
[Date "2009.04.27"]
[Round "?"]
[White "Jakovenko, Dmitrij"]
[Black "Morchiashvili, Bachana"]
[Result "1-0"]
[WhiteElo "2760"]
[BlackElo "2412"]
[PlyCount "175"]
[EventDate "2009.04.27"]
[EventType "match (blitz)"]
[EventCountry "GER"]

1. e4 c5 2. Nf3 e6 3. d4 cxd4 4. Nxd4 Nc6 5. Nc3 Qc7 6. Be2 Nf6 7. O-O a6 8.
Kh1 Bb4 9. Bg5 Bxc3 10. Bxf6 gxf6 11. bxc3 b5 12. Qd2 Bb7 13. Qh6 Ke7 14. Qh4
h5 15. Rad1 Ne5 16. f4 Ng6 17. Qf2 Raf8 18. Bd3 Qxc3 19. Nf5+ Kd8 20. Nd6 Kc7
21. Bxb5 Rb8 22. Bxd7 Rhd8 23. Nxb7 Rxb7 24. Ba4 Qb4 25. Rxd8 Kxd8 26. f5 exf5
27. exf5 Ne5 28. Bb3 Rd7 29. Qe2 Qb5 30. Qxb5 axb5 31. a4 bxa4 32. Bxa4 Rd4 33.
Bb3 Nc4 34. h3 Nd2 35. Ra1 Nxb3 36. cxb3 Rb4 37. Rb1 h4 38. Kg1 Kd7 39. Kf2 Kd6
40. Ke3 Ke5 41. Kd3 Kf4 42. Kc3 Rb8 43. b4 Kxf5 44. b5 Kf4 45. Kc4 Kg3 46. Rb2
f5 47. Kd4 f4 48. Ke4 Re8+ 49. Kf5 f3 50. gxf3 Kxf3 51. Rb3+ Kg2 52. b6 Rb8 53.
Kg5 f6+ 54. Kxh4 Rg8 55. b7 Rb8 56. Kg4 Kh2 57. Kf5 Rxb7 58. Rxb7 Kxh3 59. Kxf6
Kg2 60. Re7 Kf3 61. Re5 Kf4 62. Ke6 Kg4 63. Kf6 Kf4 64. Rd5 Kg4 65. Rd4+ Kf3
66. Kf5 Ke3 67. Rc4 Kd3 68. Rf4 Kc3 69. Re4 Kd3 70. Ke5 Kc3 71. Kd5 Kd3 72.
Rd4+ Kc3 73. Rc4+ Kd3 74. Kc5 Ke3 75. Rd4 Kf3 76. Kd5 Ke3 77. Rc4 Kd3 78. Re4
Kc3 79. Rd4 Kb3 80. Kc5 Kc2 81. Rd5 Kc3 82. Rd4 Kb3 83. Rd3+ Kc2 84. Kc4 Kb2
85. Rd2+ Kc1 86. Kc3 Kb1 87. Rh2 Kc1 88. Rh1# 1-0